Statistics for modern day countries that the Ottoman empire had territories in

Click here to take the quiz!

General Stats

  • This quiz has been taken 12 times
  • The average score is 29 of 31

Answer Stats

HintAnswer% Correct
100%Albania
100%
3%Armenia
100%
100%Bulgaria
100%
74%Croatia
100%
84%Egypt
100%
53%Georgia
100%
100%Greece
100%
89%Hungary
100%
53%Iraq
100%
100%Kosovo
100%
100%Montenegro
100%
100%Serbia
100%
74%Syria
100%
100%Turkey
100%
4%Austria
92%
100%Bosnia and Herzegovina
92%
100%Cyprus
92%
100%Israel
92%
3%Libya
92%
100%Moldova
92%
100%North Macedonia
92%
100%Romania
92%
1%Russia
92%
9%Saudi Arabia
92%
100%Slovakia
92%
47%Ukraine
92%
7%Algeria
83%
56%Tunisia
83%
8%Sudan
75%
13%Yemen
75%
47%Kuwait
67%

Score Distribution

Percentile by Number Answered

Percent of People with Each Score

Your Score History

You have not taken this quiz